| 000 | 00353nam a2200133Ia 4500 | ||
|---|---|---|---|
| 008 | 240624s9999 xx 000 0 und d | ||
| 041 | _aeng | ||
| 082 | _a792 JUS | ||
| 100 | _aJUSTMAN STEWART | ||
| 245 | _aSHAKESPEARE THE DRAMA OF GENERATIONS | ||
| 260 |
_c2007 _aNew Delhi _bMacmillan India |
||
| 300 | _avii, : 219 : p. : cm. ; 24 | ||
| 365 |
_cRS _b33.33 |
||
| 999 |
_c9797 _d9797 |
||